Statistics for NBA Player's Team - Charles Barkley

Click here to take the quiz!

General Stats

  • This quiz has been taken 300 times
  • The average score is 16 of 17

Answer Stats

SeasonTeam% Correct
1986-87Philadelphia 76ers
97%
1988-89Philadelphia 76ers
97%
1984-85Philadelphia 76ers
97%
1992-93Phoenix Suns
97%
1994-95Phoenix Suns
97%
1995-96Phoenix Suns
97%
1991-92Philadelphia 76ers
96%
1985-86Philadelphia 76ers
96%
1987-88Philadelphia 76ers
96%
1989-90Philadelphia 76ers
96%
1990-91Philadelphia 76ers
96%
1993-94Phoenix Suns
96%
1997-98Houston Rockets
89%
1999-00Houston Rockets
89%
1996-97Houston Rockets
89%
1998-99Houston Rockets
88%
CollegeAuburn
61%

Score Distribution

Percentile by Number Answered

Percent of People with Each Score

Your Score History

You have not taken this quiz